Szczegóły MARC21

Strategic analysis : 'Deutsche Bank' /

005 -DATA I CZAS OSTATNIEJ MODYFIKACJI [,]
    • @
    • pole kontrolne
    • 20131025121046.0
020 -Międzynarod. znormalizowany nr książki - ISBN [ , ]
    • a
    • Numer ISBN
    • 9783638749183 Find
040 -Instytucja sporządzająca opis [ , ]
    • a
    • Instytucja, która sporządziła opis (NP)
    • SZCZ U/BK
    • c
    • Instytucja, która sporządziła rekord (NP)
    • SZCZ U/BK
    • d
    • Instytucja, która zmodyfikowała rekord (P)
    • SZCZ U/RJ
    • d
    • Instytucja, która zmodyfikowała rekord (P)
    • SZCZ U/AP
041 -Język dokumentu [0, ]
    • a
    • Język tekstu (P)
    • angielski
044 -Kraj miejsca wydania [ , ]
    • a
    • Kraj miejsca wydania
    • Niemcy
942 -Rodzaj dokumentu [ , ]
    • c
    • Rodzaj dokumentu
    • Książka
100 -Hasło główne - nazwa osobowa [1, ]
    • 9
    • KHW
    • 55606
    • a
    • Nazwa osobowa (NP)
    • Rudolph, Peter.
245 -Strefa tytułu i oznaczenia odpowiedzialności [1,0]
    • a
    • Tytuł
    • Strategic analysis : 'Deutsche Bank' / Find
    • c
    • Pozostałe elementy strefy tytułu i oznaczenia odpowiedzialności (NP)
    • Peter Rudolph.
260 -Strefa adresu wydawniczego [ , ]
    • a
    • Miejsce wydania (P)
    • München :
    • b
    • Nazwa wydawcy (P)
    • GRIN Verlag,
    • c
    • Data wydania (P)
    • cop. 2005.
300 -Strefa opisu fizycznego [ , ]
    • a
    • Określenie formy książki i/lub objętość (NP)
    • [16] k. ;
    • c
    • Format (NP)
    • 21 cm.
080 -Uniwersalna Klasyfikacja Dziesiętna [ , ]
    • 2
    • Identyfikator wydania tablic
    • UDC-P058
    • 9
    • UKD
    • 3165
    • a
    • Symbol klasyfikacji
    • 336.71
    • b
    • Dopowiedzenie
    • Bankowość. Banki.
    • 4
    • UKD2
    • 7644
    • x
    • Poddział wspólny
    • =111
    • c
    • Dopowiedzenie poddz. wspólnego
    • =Język angielski.
080 -Uniwersalna Klasyfikacja Dziesiętna [ , ]
    • 2
    • Identyfikator wydania tablic
    • UDC-P058
    • 9
    • UKD
    • 2185
    • a
    • Symbol klasyfikacji
    • 005.52
    • b
    • Dopowiedzenie
    • Analizy, badania, definicje.
    • 4
    • UKD2
    • 7644
    • x
    • Poddział wspólny
    • =111
    • c
    • Dopowiedzenie poddz. wspólnego
    • =Język angielski.
980 -Symbol UKD [ , ]
    • a
    • UKD
    • 336.71:005.52]=111
710 -Hasło dodatkowe - nazwa ciała zbiorowego [2, ]
    • 4
    • Kod relacji
    • pbl
    • 9
    • KHW
    • 495365
    • a
    • Nazwa ciała zbiorowego lub nazwa geograficzna jako pierwszy element (NP)
    • GRIN Verlag.
920 -ISBN [ , ]
    • a
    • ISBN
    • 978-3-638-74918-3 Find
Status udost. Numer inwentarzowy Sygnatura Data inwentaryzacji Lokalizacja
-2T.12920T.129202013-05-27T